Statystyki dla Zgadnij sport po zdjęciu

Kliknij tutaj aby rozwiązać quiz!

Ogólne statystyki

  • Ten quiz został rozwiązany 81 razy
  • Średni wynik to 8 z 10

Statystyki odpowiedzi

Odpowiedź% Poprawnych
koszykówka
100%
skoki narciarskie
99%
piłka nożna
97%
siatkówka
97%
tenis
97%
rugby
86%
badminton
75%
MMA
67%
lekkoatletyka
59%
taniec
53%

Rozkład punktacji

Percentyl według liczby udzielonych odpowiedzi

Procent ludzi z każdym wynikiem

Twoja historia wyników

Nie rozwiązałeś tego quizu